Представление документа в формате RUSMARC

ПолеНазваниеЗначение
  Тип записи a
  Библиографический уровень a
001 Контрольный номер RU/CBS_UL/BASE/6798e9a24f644ae3a272828872265201
005 Дата корректировки 20260317110346.0
100 Данные общей обработки __
a Данные общей обработки 20260317 ||| 0rusy0189 ca
101 Язык документа 0_
a Язык текста rus
102 Страна публикации __
a Страна публикации RU
200 Заглавие и сведения об ответственности 1_
a Заглавие Сто оборотов планеты Земля...и вечная музыка композитора Александра Зацепина
e Сведения, относящиеся к заглавию [100 лет отцу русского рок-н-ролла]
300 Общие примечания __
a Общие примечания 12+
461 Уровень набора _0
1 2000
a Литературная газета
463 Уровень физической единицы _0
1 2000
a № 10 (11-17 март.)
v С. 1 ; 13
1 2101
d 2026
1 001RU/CBS_UL/BASE/59210d3224074e9fbc1d0133f86f52e0
600 Персоналии _1
a Персоналии (Фамилия) Зацепин
b Персоналии (Имя, инициалы) А.С.
606 Тематические рубрики 0_
a Основная рубрика Зацепин, Александр Сергеевич (1926)
610 Ключевые слова 0_
a Ключевые слова советские композиторы; российские композиторы; композиторы; авторы музыки; ; Народные артисты Российской Федерации; музыканты; юбилеи музыкантов
686 Индексы других классификаций __
a Классификационный индекс 85.313(2)6
801 Источник записи _0
a Страна RU
b Организация МБУК ЦБС г. Ульяновска
c Дата составления 20260317
g Правила каталогизации RCR
801 Источник записи _1
a Страна RU
b Организация МБУК ЦБС г. Ульяновска
c Дата составления 20260317
g Правила каталогизации RCR
901 Тип документа __
t Тип документа f
w Контрольный № источника RU/CBS_UL/BASE/59210d3224074e9fbc1d0133f86f52e0
909 Создатель записи __
a Создатель записи mbo